[Event "448. Wednesday (05.08.2020)"]
[Site "Official B"]
[Date "2020.08.05"]
[Round "7"]
[White "klausen"]
[Black "Alex29"]
[Result "1-0"]
[WhiteElo "2003"]
[BlackElo "1788"]
[Annotator "NA"]
[PlyCount "97"]
[EventDate "2020.08.05"]
[EventType "swiss (blitz)"]

1. d4 {[%emt 0:00:02]} d5 {[%emt 0:00:05]} 2. Nf3 {[%emt 0:00:02]} Nc6 {[%emt 0:00:02]} 3. Bf4 {[%emt 0:00:02]} Bg4 {[%emt 0:00:01]} 4. e3 {[%emt 0:00:01]} Qd7 {[%emt 0:00:01]} 5. Be2 {[%emt 0:00:02]} f6 {[%emt 0:00:01]} 6. O-O {[%emt 0:00:03]} e6 {[%emt 0:00:03]} 7. c4 {[%emt 0:00:02]} Bd6 {[%emt 0:00:01]} 8. Bg3 {[%emt 0:00:03]} Bxg3 {[%emt 0:00:02]} 9. hxg3 {[%emt 0:00:01]} Nge7 {[%emt 0:00:00]} 10. Nc3 {[%emt 0:00:02]} O-O {[%emt 0:00:02]} 11. cxd5 {[%emt 0:00:04]} Nxd5 {[%emt 0:00:02]} 12. Qb3 {[%emt 0:00:07]} Nxc3 {[%emt 0:00:03]} 13. bxc3 {[%emt 0:00:02]} b6 {[%emt 0:00:01]} 14. Bb5 {[%emt 0:00:16]} Qd6 {[%emt 0:00:02]} 15. Nd2 {[%emt 0:00:08]} a6 {[%emt 0:00:02]} 16. Ne4 {[%emt 0:00:12]} Qd7 {[%emt 0:00:04]} 17. Bd3 {[%emt 0:00:16]} Kh8 {[%emt 0:00:09]} 18. a4 {[%emt 0:00:06]} Na5 {[%emt 0:00:02]} 19. Qc2 {[%emt 0:00:07]} h6 {[%emt 0:00:02]} 20. c4 {[%emt 0:00:10]} Bh5 {[%emt 0:00:04]} 21. Nd2 {[%emt 0:00:14]} Bf7 {[%emt 0:00:02]} 22. c5 {[%emt 0:00:06]} e5 {[%emt 0:00:09]} 23. dxe5 {[%emt 0:00:21]} fxe5 {[%emt 0:00:01]} 24. Nf3 {[%emt 0:00:03]} Qe7 {[%emt 0:00:03]} 25. Be4 {[%emt 0:00:06]} Rab8 {[%emt 0:00:03]} 26. cxb6 {[%emt 0:00:13]} cxb6 {[%emt 0:00:01]} 27. Qc3 {[%emt 0:00:04]} Nc4 {[%emt 0:00:04]} 28. Bd3 {[%emt 0:00:12]} e4 {[%emt 0:00:12]} 29. Bxc4 {[%emt 0:00:04]} exf3 {[%emt 0:00:01]} 30. Bxf7 {[%emt 0:00:10]} fxg2 {[%emt 0:00:05]} 31. Kxg2 {[%emt 0:00:06]} Qxf7 {[%emt 0:00:01]} 32. Kg1 {[%emt 0:00:10]} b5 {[%emt 0:00:02]} 33. axb5 {[%emt 0:00:02]} axb5 {[%emt 0:00:01]} 34. Rab1 {[%emt 0:00:05]} Qe7 {[%emt 0:00:06]} 35. Rb4 {[%emt 0:00:12]} Rfc8 {[%emt 0:00:02]} 36. Qb3 {[%emt 0:00:03]} Rc5 {[%emt 0:00:18]} 37. Rb1 {[%emt 0:00:02]} Rbc8 {[%emt 0:00:02]} 38. Rxb5 {[%emt 0:00:18]} Rc1+ {[%emt 0:00:01]} 39. Rxc1 {[%emt 0:00:08]} Rxc1+ {[%emt 0:00:02]} 40. Kh2 {[%emt 0:00:01]} Qe4 {[%emt 0:00:05]} 41. Rb8+ {[%emt 0:00:06]} Kh7 {[%emt 0:00:01]} 42. Qg8+ {[%emt 0:00:01]} Kg6 {[%emt 0:00:01]} 43. Rb6+ {[%emt 0:00:01]} Kh5 {[%emt 0:00:08]} 44. Qf7+ {[%emt 0:00:03]} g6 {[%emt 0:00:03]} 45. Rb5+ {[%emt 0:00:11]} Kg4 {[%emt 0:00:07]} 46. f3+ {[%emt 0:00:03]} Qxf3 {[%emt 0:00:01]} 47. Rb4+ {[%emt 0:00:01]} Kg5 {[%emt 0:00:01]} 48. Qe7+ {[%emt 0:00:01]} Kh5 {[%emt 0:00:07]} 49. Qh4# {[%emt 0:00:01] (Lag: Av=0.43s, max=0.8s)} 1-0

[Event "448. Wednesday (05.08.2020)"]
[Site "Official B"]
[Date "2020.08.05"]
[Round "7"]
[White "Oliverfab"]
[Black "Duckduck"]
[Result "1-0"]
[WhiteElo "1878"]
[BlackElo "1442"]
[Annotator "NA"]
[PlyCount "37"]
[EventDate "2020.08.05"]
[EventType "swiss (blitz)"]
[WhiteTeam "SV Laatzen"]

{Fábregas, Oliver (1915)} 1. Nf3 {[%emt 0:00:02]} e6 {[%emt 0:00:00]} 2. c4 {[%emt 0:00:02]} d6 {[%emt 0:00:01]} 3. g3 {[%emt 0:00:01]} b6 {[%emt 0:00:01]} 4. Bg2 {[%emt 0:00:01]} Bb7 {[%emt 0:00:00]} 5. O-O {[%emt 0:00:01]} Be7 {[%emt 0:00:00]} 6. d4 {[%emt 0:00:01]} Nf6 {[%emt 0:00:00]} 7. Nc3 {[%emt 0:00:01]} O-O {[%emt 0:00:02]} 8. Re1 {[%emt 0:00:01]} c5 {[%emt 0:00:01]} 9. e4 {[%emt 0:00:02]} cxd4 {[%emt 0:00:03]} 10. Nxd4 {[%emt 0:00:02]} Ne8 {[%emt 0:00:02]} 11. b3 {[%emt 0:00:03]} Nc6 {[%emt 0:00:02]} 12. Nc2 {[%emt 0:00:06]} Bf6 {[%emt 0:00:03]} 13. Bb2 {[%emt 0:00:01]} g6 {[%emt 0:00:10]} 14. Qd2 {[%emt 0:00:07]} Ng7 {[%emt 0:00:07]} 15. Rad1 {[%emt 0:00:03]} Be7 {[%emt 0:00:27]} 16. Ne3 {[%emt 0:00:11]} a6 {[%emt 0:00:03]} 17. h4 {[%emt 0:00:03]} Qc7 {[%emt 0:00:04]} 18. Kh2 {[%emt 0:00:09]} e5 {[%emt 0:00:01]} 19. Ncd5 {[%emt 0:00:03] Duckduck gibt auf (Lag: Av=0.37s, max=0.6s)} 1-0

[Event "448. Wednesday (05.08.2020)"]
[Site "Official B"]
[Date "2020.08.05"]
[Round "7"]
[White "Smart-arse"]
[Black "K_J"]
[Result "1-0"]
[WhiteElo "1864"]
[BlackElo "1971"]
[PlyCount "67"]
[EventDate "2020.08.05"]
[EventType "swiss (blitz)"]

1. e4 {[%emt 0:00:21]} d6 {[%emt 0:00:02]} 2. d4 {[%emt 0:00:03]} Nf6 {[%emt 0:00:01]} 3. f3 {[%emt 0:00:02]} c5 {[%emt 0:00:02]} 4. dxc5 {[%emt 0:00:15]} Qa5+ {[%emt 0:00:02]} 5. Nc3 {[%emt 0:00:02]} Qxc5 {[%emt 0:00:01]} 6. Qe2 {[%emt 0:00:38]} Nc6 {[%emt 0:00:51]} 7. Be3 {[%emt 0:00:02]} Qb4 {[%emt 0:00:21]} 8. O-O-O {[%emt 0:00:05]} g6 {[%emt 0:00:09]} 9. a3 {[%emt 0:00:09]} Qa5 {[%emt 0:00:03]} 10. g4 {[%emt 0:00:07]} Bg7 {[%emt 0:00:04]} 11. Qd2 {[%emt 0:00:04]} O-O {[%emt 0:00:03]} 12. h4 {[%emt 0:00:03]} Bxg4 {[%emt 0:00:18]} 13. fxg4 {[%emt 0:00:10]} Nxg4 {[%emt 0:00:01]} 14. Nge2 {[%emt 0:00:04]} Nce5 {[%emt 0:00:17]} 15. Nd4 {[%emt 0:00:09]} Nxe3 {[%emt 0:00:10]} 16. Qxe3 {[%emt 0:00:02]} Ng4 {[%emt 0:00:01]} 17. Qg1 {[%emt 0:00:18]} Ne5 {[%emt 0:00:14]} 18. Kb1 {[%emt 0:00:03]} Rac8 {[%emt 0:00:03]} 19. Qg3 {[%emt 0:00:08]} a6 {[%emt 0:00:09]} 20. h5 {[%emt 0:00:03]} b5 {[%emt 0:00:04]} 21. hxg6 {[%emt 0:00:01]} hxg6 {[%emt 0:00:19]} 22. Nd5 {[%emt 0:00:24]} Rfe8 {[%emt 0:00:09]} 23. Qh3 {[%emt 0:00:24]} Rc5 {[%emt 0:00:13]} 24. Qh7+ {[%emt 0:00:09]} Kf8 {[%emt 0:00:02]} 25. Bh3 {[%emt 0:00:03]} Nc4 {[%emt 0:00:12]} 26. Ne6+ {[%emt 0:00:27]} fxe6 {[%emt 0:00:03]} 27. Rhf1+ {[%emt 0:00:02]} Bf6 {[%emt 0:00:06]} 28. Rxf6+ {[%emt 0:00:36]} exf6 {[%emt 0:00:03]} 29. Qh8+ {[%emt 0:00:00]} Kf7 {[%emt 0:00:02]} 30. Qxf6+ {[%emt 0:00:00]} Kg8 {[%emt 0:00:02]} 31. Qxg6+ {[%emt 0:00:00]} Kh8 {[%emt 0:00:04]} 32. Qh6+ {[%emt 0:00:01]} Kg8 {[%emt 0:00:01]} 33. Rg1+ {[%emt 0:00:00]} Kf7 {[%emt 0:00:04]} 34. Qf6# {[%emt 0:00:00] (Lag: Av=0.79s, max=1.1s)} 1-0

[Event "448. Wednesday (05.08.2020)"]
[Site "Official B"]
[Date "2020.08.05"]
[Round "7"]
[White "Tvtower68"]
[Black "Károly Lajosné"]
[Result "1-0"]
[WhiteElo "1860"]
[BlackElo "1954"]
[Annotator "NA"]
[PlyCount "109"]
[EventDate "2020.08.05"]
[EventType "swiss (blitz)"]

1. e4 {[%emt 0:00:02]} c5 {[%emt 0:00:02]} 2. b3 {[%emt 0:00:01]} Nc6 {[%emt 0:00:01]} 3. a3 {[%emt 0:00:01]} d5 {[%emt 0:00:01]} 4. Bb5 {[%emt 0:00:10]} e6 {[%emt 0:00:09]} 5. e5 {[%emt 0:00:03]} Qb6 {[%emt 0:00:04]} 6. Bxc6+ {[%emt 0:00:10]} bxc6 {[%emt 0:00:01]} 7. b4 {[%emt 0:00:01]} cxb4 {[%emt 0:00:03]} 8. axb4 {[%emt 0:00:01]} Bxb4 {[%emt 0:00:01]} 9. c3 {[%emt 0:00:01]} Be7 {[%emt 0:00:05]} 10. d4 {[%emt 0:00:01]} c5 {[%emt 0:00:04]} 11. Nf3 {[%emt 0:00:05]} cxd4 {[%emt 0:00:01]} 12. Nxd4 {[%emt 0:00:01]} Bc5 {[%emt 0:00:03]} 13. O-O {[%emt 0:00:03]} Ne7 {[%emt 0:00:02]} 14. Qg4 {[%emt 0:00:06]} O-O {[%emt 0:00:05]} 15. h4 {[%emt 0:00:04]} Kh8 {[%emt 0:00:16]} 16. h5 {[%emt 0:00:06]} h6 {[%emt 0:00:15]} 17. Nd2 {[%emt 0:00:11]} Bxd4 {[%emt 0:00:03]} 18. cxd4 {[%emt 0:00:07]} Nf5 {[%emt 0:00:02]} 19. Qh3 {[%emt 0:00:17]} Qxd4 {[%emt 0:00:04]} 20. Ba3 {[%emt 0:00:17]} Rg8 {[%emt 0:00:18]} 21. Nf3 {[%emt 0:00:02]} Qc3 {[%emt 0:00:30]} 22. Rfc1 {[%emt 0:00:03]} Qb3 {[%emt 0:00:01]} 23. Qg4 {[%emt 0:00:06]} Ba6 {[%emt 0:00:20]} 24. Bd6 {[%emt 0:00:17]} Bc4 {[%emt 0:00:05]} 25. Nd4 {[%emt 0:00:12]} Nxd4 {[%emt 0:00:10]} 26. Qxd4 {[%emt 0:00:02]} Qd3 {[%emt 0:00:01]} 27. Qf4 {[%emt 0:00:05]} a5 {[%emt 0:00:05]} 28. Qxf7 {[%emt 0:00:02]} Qf5 {[%emt 0:00:16]} 29. Qd7 {[%emt 0:00:08]} Rgd8 {[%emt 0:00:08]} 30. Qa4 {[%emt 0:00:06]} Qxh5 {[%emt 0:00:03]} 31. Ra3 {[%emt 0:00:04]} Qg5 {[%emt 0:00:05]} 32. Qc2 {[%emt 0:00:19]} a4 {[%emt 0:00:09]} 33. Rg3 {[%emt 0:00:03]} Qf5 {[%emt 0:00:03]} 34. Qb2 {[%emt 0:00:13]} Bb3 {[%emt 0:00:11]} 35. Rc7 {[%emt 0:00:06]} Rg8 {[%emt 0:00:01]} 36. Rh3 {[%emt 0:00:18]} Qc2 {[%emt 0:00:06]} 37. Rxc2 {[%emt 0:00:10]} Bxc2 {[%emt 0:00:01]} 38. Qxc2 {[%emt 0:00:01]} Rgc8 {[%emt 0:00:03]} 39. Qg6 {[%emt 0:00:05]} Ra7 {[%emt 0:00:01]} 40. Qxe6 {[%emt 0:00:03]} Rca8 {[%emt 0:00:03]} 41. Ba3 {[%emt 0:00:02]} Rb7 {[%emt 0:00:02]} 42. Qxd5 {[%emt 0:00:02]} Rab8 {[%emt 0:00:01]} 43. e6 {[%emt 0:00:01]} Rb1+ {[%emt 0:00:04]} 44. Kh2 {[%emt 0:00:01]} R1b5 {[%emt 0:00:02]} 45. Qd4 {[%emt 0:00:02]} R5b7 {[%emt 0:00:11]} 46. Rxh6+ {[%emt 0:00:02]} Kg8 {[%emt 0:00:02]} 47. Rg6 {[%emt 0:00:02]} Re8 {[%emt 0:00:02]} 48. e7 {[%emt 0:00:01]} Rbxe7 {[%emt 0:00:05]} 49. Bxe7 {[%emt 0:00:02]} Rxe7 {[%emt 0:00:01]} 50. Qxa4 {[%emt 0:00:02]} Kh7 {[%emt 0:00:05]} 51. Rg3 {[%emt 0:00:01]} g6 {[%emt 0:00:03]} 52. Qg4 {[%emt 0:00:04]} Rg7 {[%emt 0:00:02]} 53. Qg5 {[%emt 0:00:01]} Kg8 {[%emt 0:00:02]} 54. Qd8+ {[%emt 0:00:03]} Kh7 {[%emt 0:00:01]} 55. Rh3# {[%emt 0:00:01] (Lag: Av=0.45s, max=0.7s)} 1-0

[Event "448. Wednesday (05.08.2020)"]
[Site "Official B"]
[Date "2020.08.05"]
[Round "7"]
[White "Dukic"]
[Black "Chessalex"]
[Result "1-0"]
[WhiteElo "1845"]
[BlackElo "1700"]
[Annotator "NA"]
[PlyCount "53"]
[EventDate "2020.08.05"]
[EventType "swiss (blitz)"]

1. c4 {[%emt 0:00:03]} e5 {[%emt 0:00:02]} 2. Nc3 {[%emt 0:00:01]} Nf6 {[%emt 0:00:01]} 3. Nf3 {[%emt 0:00:02]} Nc6 {[%emt 0:00:02]} 4. e3 {[%emt 0:00:03]} Bb4 {[%emt 0:00:01]} 5. Nd5 {[%emt 0:00:02]} Bc5 {[%emt 0:00:02]} 6. d4 {[%emt 0:00:03]} exd4 {[%emt 0:00:04]} 7. exd4 {[%emt 0:00:01]} Be7 {[%emt 0:00:02]} 8. Nc3 {[%emt 0:00:11]} O-O {[%emt 0:00:02]} 9. d5 {[%emt 0:00:03]} Nb4 {[%emt 0:00:09]} 10. a3 {[%emt 0:00:05]} Na6 {[%emt 0:00:01]} 11. b4 {[%emt 0:00:02]} Re8 {[%emt 0:00:11]} 12. Be2 {[%emt 0:00:02]} d6 {[%emt 0:00:10]} 13. Nd4 {[%emt 0:00:03]} Bd7 {[%emt 0:00:14]} 14. O-O {[%emt 0:00:06]} c6 {[%emt 0:00:02]} 15. dxc6 {[%emt 0:00:08]} bxc6 {[%emt 0:00:01]} 16. Bf3 {[%emt 0:00:01]} d5 {[%emt 0:00:04]} 17. cxd5 {[%emt 0:00:07]} cxd5 {[%emt 0:00:02]} 18. Bf4 {[%emt 0:00:29]} Rc8 {[%emt 0:00:01]} 19. Rc1 {[%emt 0:00:02]} Ne4 {[%emt 0:00:15]} 20. Nxd5 {[%emt 0:00:04]} Rxc1 {[%emt 0:00:08]} 21. Qxc1 {[%emt 0:00:05]} Nf6 {[%emt 0:00:03]} 22. Nxe7+ {[%emt 0:00:30]} Qxe7 {[%emt 0:00:03]} 23. Qc4 {[%emt 0:00:10]} Nb8 {[%emt 0:00:03]} 24. Qc7 {[%emt 0:00:10]} a6 {[%emt 0:00:12]} 25. h3 {[%emt 0:00:07]} Rc8 {[%emt 0:00:05]} 26. Qa7 {[%emt 0:00:08]} Kf8 {[%emt 0:00:25]} 27. Bxb8 {[%emt 0:00:05] Chessalex gibt auf (Lag: Av=0.64s, max=0.9s)} 1-0

[Event "448. Wednesday (05.08.2020)"]
[Site "Official B"]
[Date "2020.08.05"]
[Round "7"]
[White "Joroger"]
[Black "Watchel"]
[Result "1-0"]
[WhiteElo "1841"]
[BlackElo "1649"]
[Annotator "NA"]
[PlyCount "87"]
[EventDate "2020.08.05"]
[EventType "swiss (blitz)"]

1. d4 {[%emt 0:00:05]} Nf6 {[%emt 0:00:02]} 2. c4 {[%emt 0:00:01]} e5 {[%emt 0:00:01]} 3. dxe5 {[%emt 0:00:02]} Ng4 {[%emt 0:00:01]} 4. Bf4 {[%emt 0:00:01]} Nc6 {[%emt 0:00:02]} 5. Nf3 {[%emt 0:00:01]} Bb4+ {[%emt 0:00:01]} 6. Nc3 {[%emt 0:00:01]} Bxc3+ {[%emt 0:00:02]} 7. bxc3 {[%emt 0:00:01]} Qe7 {[%emt 0:00:00]} 8. Qd5 {[%emt 0:00:01]} Qa3 {[%emt 0:00:02]} 9. Qd2 {[%emt 0:00:01]} Qe7 {[%emt 0:00:02]} 10. Qd5 {[%emt 0:00:02]} Qa3 {[%emt 0:00:01]} 11. Qd2 {[%emt 0:00:01]} Qe7 {[%emt 0:00:01]} 12. e3 {[%emt 0:00:03]} Ngxe5 {[%emt 0:00:02]} 13. Be2 {[%emt 0:00:02]} d6 {[%emt 0:00:02]} 14. O-O {[%emt 0:00:02]} b6 {[%emt 0:00:01]} 15. Nd4 {[%emt 0:00:02]} Bb7 {[%emt 0:00:07]} 16. Bg3 {[%emt 0:00:11]} O-O {[%emt 0:00:05]} 17. f4 {[%emt 0:00:04]} Nd7 {[%emt 0:00:10]} 18. Bf3 {[%emt 0:00:01]} Nc5 {[%emt 0:00:02]} 19. Nxc6 {[%emt 0:00:14]} Bxc6 {[%emt 0:00:05]} 20. Bxc6 {[%emt 0:00:01]} Rad8 {[%emt 0:00:01]} 21. Rae1 {[%emt 0:00:11]} Ne4 {[%emt 0:00:01]} 22. Bxe4 {[%emt 0:00:06]} Qxe4 {[%emt 0:00:02]} 23. Qd4 {[%emt 0:00:09]} Qc2 {[%emt 0:00:02]} 24. Rf2 {[%emt 0:00:09]} Qf5 {[%emt 0:00:08]} 25. e4 {[%emt 0:00:02]} Qa5 {[%emt 0:00:03]} 26. f5 {[%emt 0:00:19]} Rfe8 {[%emt 0:00:02]} 27. f6 {[%emt 0:00:05]} g6 {[%emt 0:00:06]} 28. Qd2 {[%emt 0:00:10]} Qh5 {[%emt 0:00:03]} 29. Qd5 {[%emt 0:00:12]} Re6 {[%emt 0:00:14]} 30. Qxh5 {[%emt 0:00:03]} gxh5 {[%emt 0:00:00]} 31. h3 {[%emt 0:00:08]} Rde8 {[%emt 0:00:03]} 32. Rf4 {[%emt 0:00:04]} Re5 {[%emt 0:00:11]} 33. Kf1 {[%emt 0:00:06]} Rc5 {[%emt 0:00:02]} 34. Rf5 {[%emt 0:00:09]} Rxc4 {[%emt 0:00:01]} 35. Rxh5 {[%emt 0:00:02]} Rxc3 {[%emt 0:00:02]} 36. Bf4 {[%emt 0:00:10]} Rc2 {[%emt 0:00:03]} 37. Bh6 {[%emt 0:00:04]} Re6 {[%emt 0:00:06]} 38. Rg5+ {[%emt 0:00:03]} Kh8 {[%emt 0:00:04]} 39. Bg7+ {[%emt 0:00:06]} Kg8 {[%emt 0:00:01]} 40. Re3 {[%emt 0:00:06]} h6 {[%emt 0:00:04]} 41. Rg4 {[%emt 0:00:03]} Kh7 {[%emt 0:00:02]} 42. Rh4 {[%emt 0:00:05]} h5 {[%emt 0:00:16]} 43. Rxh5+ {[%emt 0:00:05]} Kg8 {[%emt 0:00:04]} 44. Rh8# {[%emt 0:00:01] (Lag: Av=0.32s, max=0.4s)} 1-0

[Event "448. Wednesday (05.08.2020)"]
[Site "Official B"]
[Date "2020.08.05"]
[Round "7"]
[White "Legenda56"]
[Black "möwe"]
[Result "1-0"]
[WhiteElo "1834"]
[BlackElo "1555"]
[Annotator "NA"]
[PlyCount "91"]
[EventDate "2020.08.05"]
[EventType "swiss (blitz)"]

1. d4 {[%emt 0:00:04]} d5 {[%emt 0:00:01]} 2. c4 {[%emt 0:00:02]} e5 {[%emt 0:00:01]} 3. dxe5 {[%emt 0:00:01]} d4 {[%emt 0:00:01]} 4. Nf3 {[%emt 0:00:01]} c5 {[%emt 0:00:01]} 5. a3 {[%emt 0:00:06]} Nc6 {[%emt 0:00:03]} 6. e3 {[%emt 0:00:04]} Bg4 {[%emt 0:00:03]} 7. exd4 {[%emt 0:00:03]} cxd4 {[%emt 0:00:02]} 8. Bf4 {[%emt 0:00:06]} Nge7 {[%emt 0:00:03]} 9. Bd3 {[%emt 0:00:04]} Ng6 {[%emt 0:00:02]} 10. Bxg6 {[%emt 0:00:02]} hxg6 {[%emt 0:00:01]} 11. Nbd2 {[%emt 0:00:06]} Be7 {[%emt 0:00:04]} 12. h3 {[%emt 0:00:05]} Bf5 {[%emt 0:00:06]} 13. O-O {[%emt 0:00:17]} g5 {[%emt 0:00:07]} 14. Bg3 {[%emt 0:00:04]} g4 {[%emt 0:00:01]} 15. hxg4 {[%emt 0:00:02]} Bxg4 {[%emt 0:00:01]} 16. Re1 {[%emt 0:00:01]} Qb6 {[%emt 0:00:14]} 17. b4 {[%emt 0:00:08]} Bg5 {[%emt 0:00:12]} 18. c5 {[%emt 0:00:02]} Qd8 {[%emt 0:00:04]} 19. Ne4 {[%emt 0:00:01]} Be7 {[%emt 0:00:16]} 20. Nd6+ {[%emt 0:00:03]} Kf8 {[%emt 0:00:10]} 21. Qd3 {[%emt 0:00:02]} Bxf3 {[%emt 0:00:10]} 22. gxf3 {[%emt 0:00:06]} Bh4 {[%emt 0:00:10]} 23. e6 {[%emt 0:00:06]} fxe6 {[%emt 0:00:20]} 24. Rxe6 {[%emt 0:00:04]} Qg5 {[%emt 0:00:06]} 25. Qf5+ {[%emt 0:00:08]} Qxf5 {[%emt 0:00:05]} 26. Nxf5 {[%emt 0:00:01]} Bf6 {[%emt 0:00:04]} 27. Rd1 {[%emt 0:00:05]} Re8 {[%emt 0:00:03]} 28. Rxe8+ {[%emt 0:00:04]} Kxe8 {[%emt 0:00:01]} 29. Nd6+ {[%emt 0:00:02]} Kd7 {[%emt 0:00:06]} 30. Nxb7 {[%emt 0:00:01]} Ne5 {[%emt 0:00:19]} 31. Kg2 {[%emt 0:00:13]} Kc6 {[%emt 0:00:09]} 32. Na5+ {[%emt 0:00:02]} Kb5 {[%emt 0:00:02]} 33. Rxd4 {[%emt 0:00:16]} Nxf3 {[%emt 0:00:12]} 34. Rd7 {[%emt 0:00:04]} Ne1+ {[%emt 0:00:04]} 35. Kf1 {[%emt 0:00:02]} Rh1+ {[%emt 0:00:03]} 36. Ke2 {[%emt 0:00:01]} Nc2 {[%emt 0:00:05]} 37. Rxa7 {[%emt 0:00:06]} Re1+ {[%emt 0:00:12]} 38. Kf3 {[%emt 0:00:03]} Nd4+ {[%emt 0:00:03]} 39. Kg2 {[%emt 0:00:01]} Re2 {[%emt 0:00:05]} 40. Rd7 {[%emt 0:00:05]} Nf5 {[%emt 0:00:03]} 41. c6 {[%emt 0:00:05]} Nxg3 {[%emt 0:00:47]} 42. Kxg3 {[%emt 0:00:02]} Be5+ {[%emt 0:00:02]} 43. f4 {[%emt 0:00:06]} Re3+ {[%emt 0:00:07]} 44. Kg4 {[%emt 0:00:09]} Bf6 {[%emt 0:00:04]} 45. Rb7+ {[%emt 0:00:08]} Ka6 {[%emt 0:00:03]} 46. Nc4 {[%emt 0:00:08] Zeit (Lag: Av=0.67s, max=1.2s)} 1-0

[Event "448. Wednesday (05.08.2020)"]
[Site "Official B"]
[Date "2020.08.05"]
[Round "7"]
[White "Martin Reiß"]
[Black "Meini"]
[Result "0-1"]
[WhiteElo "1803"]
[BlackElo "1791"]
[Annotator "NA"]
[PlyCount "114"]
[EventDate "2020.08.05"]
[EventType "swiss (blitz)"]

1. f3 {[%emt 0:00:01]} Nf6 {[%emt 0:00:05]} 2. e4 {[%emt 0:00:01]} d6 {[%emt 0:00:05]} 3. Bd3 {[%emt 0:00:05]} g6 {[%emt 0:00:02]} 4. Ne2 {[%emt 0:00:01]} Bg7 {[%emt 0:00:02]} 5. Nbc3 {[%emt 0:00:00]} O-O {[%emt 0:00:01]} 6. O-O {[%emt 0:00:01]} Nbd7 {[%emt 0:00:01]} 7. h3 {[%emt 0:00:02]} a6 {[%emt 0:00:05]} 8. b3 {[%emt 0:00:04]} b5 {[%emt 0:00:09]} 9. Rb1 {[%emt 0:00:01]} Bb7 {[%emt 0:00:01]} 10. f4 {[%emt 0:00:23]} c5 {[%emt 0:00:04]} 11. Ng3 {[%emt 0:00:04]} Rc8 {[%emt 0:00:03]} 12. Bb2 {[%emt 0:00:09]} c4 {[%emt 0:00:03]} 13. Be2 {[%emt 0:00:07]} b4 {[%emt 0:00:10]} 14. Na4 {[%emt 0:00:09]} Nxe4 {[%emt 0:00:18]} 15. Bxg7 {[%emt 0:00:06]} Kxg7 {[%emt 0:00:03]} 16. Nxe4 {[%emt 0:00:06]} Bxe4 {[%emt 0:00:03]} 17. Bxc4 {[%emt 0:00:02]} a5 {[%emt 0:00:06]} 18. Qe2 {[%emt 0:00:13]} Bxc2 {[%emt 0:00:07]} 19. Rbe1 {[%emt 0:00:05]} Nb6 {[%emt 0:00:31]} 20. Nxb6 {[%emt 0:00:07]} Qxb6+ {[%emt 0:00:02]} 21. Kh1 {[%emt 0:00:04]} e6 {[%emt 0:00:03]} 22. d3 {[%emt 0:00:04]} d5 {[%emt 0:00:02]} 23. Qe5+ {[%emt 0:00:07]} Kg8 {[%emt 0:00:03]} 24. Qb2 {[%emt 0:00:10]} dxc4 {[%emt 0:00:04]} 25. Qxc2 {[%emt 0:00:01]} cxb3 {[%emt 0:00:06]} 26. Qxb3 {[%emt 0:00:01]} Rfd8 {[%emt 0:00:01]} 27. Rd1 {[%emt 0:00:04]} Rc3 {[%emt 0:00:02]} 28. Qb1 {[%emt 0:00:03]} a4 {[%emt 0:00:12]} 29. Rf3 {[%emt 0:00:13]} b3 {[%emt 0:00:04]} 30. axb3 {[%emt 0:00:02]} Qxb3 {[%emt 0:00:05]} 31. Qa1 {[%emt 0:00:21]} a3 {[%emt 0:00:07]} 32. Rb1 {[%emt 0:00:16]} Qc2 {[%emt 0:00:05]} 33. d4 {[%emt 0:00:25]} Rxf3 {[%emt 0:00:14]} 34. gxf3 {[%emt 0:00:02]} Qd3 {[%emt 0:00:02]} 35. Kg2 {[%emt 0:00:07]} Qxd4 {[%emt 0:00:34]} 36. Qxa3 {[%emt 0:00:05]} Qxf4 {[%emt 0:00:01]} 37. Rf1 {[%emt 0:00:14]} Rd2+ {[%emt 0:00:04]} 38. Rf2 {[%emt 0:00:01]} Rxf2+ {[%emt 0:00:06]} 39. Kxf2 {[%emt 0:00:00]} Qd2+ {[%emt 0:00:08]} 40. Kg3 {[%emt 0:00:02]} Qd4 {[%emt 0:00:04]} 41. Qa8+ {[%emt 0:00:21]} Kg7 {[%emt 0:00:01]} 42. Qc6 {[%emt 0:00:11]} h6 {[%emt 0:00:02]} 43. Qc7 {[%emt 0:00:07]} g5 {[%emt 0:00:03]} 44. Qb8 {[%emt 0:00:01]} Qf4+ {[%emt 0:00:03]} 45. Qxf4 {[%emt 0:00:02]} gxf4+ {[%emt 0:00:01]} 46. Kxf4 {[%emt 0:00:00]} Kg6 {[%emt 0:00:01]} 47. h4 {[%emt 0:00:01]} f6 {[%emt 0:00:04]} 48. Kg4 {[%emt 0:00:01]} h5+ {[%emt 0:00:03]} 49. Kf4 {[%emt 0:00:01]} e5+ {[%emt 0:00:01]} 50. Ke4 {[%emt 0:00:01]} Kg7 {[%emt 0:00:05]} 51. f4 {[%emt 0:00:00]} exf4 {[%emt 0:00:05]} 52. Kxf4 {[%emt 0:00:00]} Kg6 {[%emt 0:00:01]} 53. Ke4 {[%emt 0:00:01]} f5+ {[%emt 0:00:01]} 54. Kf4 {[%emt 0:00:00]} Kf6 {[%emt 0:00:02]} 55. Kf3 {[%emt 0:00:00]} Ke5 {[%emt 0:00:01]} 56. Ke3 {[%emt 0:00:01]} f4+ {[%emt 0:00:01]} 57. Kf3 {[%emt 0:00:00]} Kf5 {[%emt 0:00:00] Zeit (Lag: Av=0.39s, max=1.0s)} 0-1

[Event "448. Wednesday (05.08.2020)"]
[Site "Official B"]
[Date "2020.08.05"]
[Round "7"]
[White "Tobilino"]
[Black "Gaius Bonus"]
[Result "1-0"]
[WhiteElo "1759"]
[BlackElo "1608"]
[Annotator "NA"]
[PlyCount "79"]
[EventDate "2020.08.05"]
[EventType "swiss (blitz)"]

1. e4 {[%emt 0:00:15]} d6 {[%emt 0:00:01]} 2. d4 {[%emt 0:00:02]} g6 {[%emt 0:00:00]} 3. Nc3 {[%emt 0:00:01]} Bg7 {[%emt 0:00:00]} 4. Bc4 {[%emt 0:00:01]} e6 {[%emt 0:00:01]} 5. Nf3 {[%emt 0:00:02]} Ne7 {[%emt 0:00:01]} 6. Qe2 {[%emt 0:00:08]} O-O {[%emt 0:00:01]} 7. Bg5 {[%emt 0:00:02]} Qe8 {[%emt 0:00:01]} 8. O-O-O {[%emt 0:00:02]} c6 {[%emt 0:00:00]} 9. e5 {[%emt 0:00:04]} d5 {[%emt 0:00:01]} 10. Bd3 {[%emt 0:00:01]} b5 {[%emt 0:00:01]} 11. h4 {[%emt 0:00:02]} h5 {[%emt 0:00:02]} 12. g4 {[%emt 0:00:05]} b4 {[%emt 0:00:06]} 13. Nb1 {[%emt 0:00:01]} a5 {[%emt 0:00:09]} 14. gxh5 {[%emt 0:00:02]} gxh5 {[%emt 0:00:01]} 15. Bf6 {[%emt 0:00:19]} Ba6 {[%emt 0:00:07]} 16. Rhg1 {[%emt 0:00:03]} Ng6 {[%emt 0:00:08]} 17. Ng5 {[%emt 0:00:09]} Bxd3 {[%emt 0:00:04]} 18. Rxd3 {[%emt 0:00:01]} Bxf6 {[%emt 0:00:03]} 19. exf6 {[%emt 0:00:26]} Nd7 {[%emt 0:00:26]} 20. Qxh5 {[%emt 0:00:23]} Nxf6 {[%emt 0:00:01]} 21. Qh6 {[%emt 0:00:01]} Qd7 {[%emt 0:00:37]} 22. Rf3 {[%emt 0:00:02]} Rfc8 {[%emt 0:01:06]} 23. Rxf6 {[%emt 0:00:05]} Ra7 {[%emt 0:00:14]} 24. h5 {[%emt 0:00:15]} Qc7 {[%emt 0:00:15]} 25. Qh7+ {[%emt 0:00:09]} Kf8 {[%emt 0:00:01]} 26. Rxf7+ {[%emt 0:00:01]} Qxf7 {[%emt 0:00:06]} 27. Nxf7 {[%emt 0:00:01]} Rxf7 {[%emt 0:00:01]} 28. Qxg6 {[%emt 0:00:01]} Ke7 {[%emt 0:00:01]} 29. h6 {[%emt 0:00:16]} Rxf2 {[%emt 0:00:07]} 30. h7 {[%emt 0:00:03]} Kd6 {[%emt 0:00:01]} 31. Qg3+ {[%emt 0:00:02]} e5 {[%emt 0:00:05]} 32. Qxf2 {[%emt 0:00:01]} exd4 {[%emt 0:00:04]} 33. Qxd4 {[%emt 0:00:01]} Kc7 {[%emt 0:00:00]} 34. Rg7+ {[%emt 0:00:04]} Kd6 {[%emt 0:00:04]} 35. Qf4+ {[%emt 0:00:02]} Kc5 {[%emt 0:00:01]} 36. Nd2 {[%emt 0:00:07]} Re8 {[%emt 0:00:02]} 37. Nb3+ {[%emt 0:00:02]} Kb5 {[%emt 0:00:01]} 38. Qd4 {[%emt 0:00:07]} Ka4 {[%emt 0:00:09]} 39. Nc5+ {[%emt 0:00:04]} Kb5 {[%emt 0:00:01]} 40. Rb7# {[%emt 0:00:05] (Lag: Av=0.55s, max=0.9s)} 1-0